Beispielaufgaben der Politikfachprüfung für den Auswärtigen Dienst - Statistiken

Allgemein
  • Dieses Quiz wurde 45 mal gespielt
  • Das Durchschnittsergebnis liegt bei 9 aus 25
Antwortstatistiken
Frage Antwort % Korrekt
Wie ist die gesetzliche Rentenversicherung in Deutschland organisiert? Als Umlagesystem.
79%
In welche Kanzlerschaft fällt der Entschluss zur Teilnahme der Bundeswehr an der Operation „Enduring Freedom“ gegen den internationalen Terrorismus? Gerhard Schröder
61%
Wie nennt man die Volksbewegung, die 2004-2005 zum Machtwechsel in der Ukraine führte? Orangene Revolution
61%
Die Befreiungsbewegung „Polisario“ kämpft seit mehr als 30 Jahren für die Eigenständigkeit einer afrikanischen Region. Um welche Region geht es? Westsahara
58%
Wann kam es zur Aufnahme diplomatischer Beziehungen zwischen der Bundesrepublik Deutschland und der Volksrepublik China? 1972
55%
Welcher Staat nahm an der dritten Runde der sogenannten Zwei-plus-Vier- Verhandlungen des Jahres 1990 teil? Polen
52%
Welche Aufgabe übernimmt der BND? Die Auslandsaufklärung
45%
Welcher dieser Bundeskanzler war zu keinem Zeitpunkt Bundesaußenminister? Ludwig Erhard
45%
In welcher humanitären Krisensituation sind nach Angaben der Vereinten Nationen (UNOCHA) im Jahr 2024 die meisten Menschen auf humanitäre Hilfe angewiesen? Sudan
45%
Wie heißt das ukrainische Parlament? Verkhovna Rada
42%
Welches Land war Gegenstand des geheimen Zusatzes zum sog. Hitler-Stalin-Pakt vom 23. August 1939? Litauen
36%
An welcher Stelle steht der deutsche Außenminister Johann Wadephul in der amtlichen, protokollarischen Rangfolge der Bundesminister? an 3. Stelle
33%
Deutschland übernahm im Juli 2020 die EU-Ratspräsidentschaft. Wann hatte Deutschland zuvor zuletzt den Vorsitz? 2007
24%
Der Koalitionsvertrag benennt erstmals die Aufarbeitung der deutschen Kolonialgeschichte als Teil des „demokratischen Grundkonsenses“. In welchem der heutigen afrikanischen Staaten hat Deutschland keine Kolonialvergangenheit? Benin
24%
Nach welchem Prinzip verteilen sich die Sitze im Europäischen Parlament auf die Mitgliedsstaaten? Degressive Proportionalität
24%
An den Sitzungen welches Gremiums wird António Costa i.d.R. ab 1. Dezember 2024 beteiligt sein? Europäischer Rat
24%
Welches Kernanliegen verfolgt der Globale Pakt für Flüchtlinge? Gerechtere internationale Lasten- und Verantwortungsteilung im Flüchtlingskontext
24%
Aus welcher Gruppe von Staaten sind alle Mitglied des Schengener Abkommens: Island, Norwegen, Slowenien, Liechtenstein
24%
Mit welchem Staat schloss das Deutsche Reich 1922 den Vertrag von Rapallo? Sowjetrussland
24%
Wann wurde das sog. Atomteststoppabkommen unterzeichnet? 1963
21%
Was verstehen Sie unter dem „Normandie-Format“? ein Gesprächsformat mit deutschen, französischen, russischen und ukrainischen Vertretern zu Fragen des Ukraine-Konflikts
18%
Im Jahr 2011 setzte Deutschland die allgemeine Wehrpflicht aus. Aber wann wurde sie in der Bundesrepublik Deutschland überhaupt eingeführt? Juli 1956
18%
Wer war der letzte Staatsratsvorsitzende der DDR? Manfred Gerlach
18%
Welche Gruppe enthält ausschließlich eine Auswahl der zehn zugangsstärksten Staatsangehörigkeiten bei Asylanträgen in Deutschland (2024)? Iran, Irak, Eritrea, Türkei
9%
Welches Staatsoberhaupt besuchte als erstes offiziell die Bundesrepublik Deutschland? Kaiser Haile Selassie von Äthiopien
6%
Keine übereinstimmenden Quizze gefunden
Verteilung der Resultate
Anzahl Personen mit jedem Resultat
Perzentil nach korrekt beantworteten Fragen
Ihre Resultats-Entwicklung
Sie haben dieses Quiz noch nicht gespielt